| 000 | 00545nam a22001817a 4500 | ||
|---|---|---|---|
| 005 | 20250717155112.0 | ||
| 010 | _aENG-144961 | ||
| 020 |
_a9788189941260 _c100.00 |
||
| 035 | _aEN-128493 | ||
| 037 | _bDBAD | ||
| 082 | _a660.62 MAN | ||
| 245 | _aMicrobial Biotechnology/ | ||
| 250 | _aFirst | ||
| 260 |
_aKanyakumari Dist _bSARAS PUBLICATION _c2007 |
||
| 270 |
_a114/35G A.R.P. Camp Road, Periavilai, Kottar P.O., NAGERCOIL _bKanyakumari Dist _e629002 |
||
| 300 |
_aviii,270P _c22(pb) |
||
| 942 |
_2ddc _cEN _h660.62 MAN |
||
| 999 |
_c211342 _d211342 |
||